Southville International School and Colleges
Your cart is empty.
  • Cart
  • Lists
    Public lists Eva Luna New books Lux_list list_1
    Your lists Log in to create your own lists
  • Log in to your account
  • Your cookies
  • Search history
Southville International School and Colleges
  • Advanced search
  • Recent comments
  • Most popular
  • Libraries

Log in to your account

Log in with GOOGLE


If you do not have an external account, but do have a local account, you can still log in:

  1. Home
  2. MARC view: The cay /
Normal view MARC view ISBD view

The cay / (Record no. 33251)

[ view plain ]
MARC details
000 -LEADER
fixed length control field 00988cam a2200349 a 4500
001 - CONTROL NUMBER
control field 16482327
003 - CONTROL NUMBER IDENTIFIER
control field OSt
005 - DATE AND TIME OF LATEST TRANSACTION
control field 20140310184240.0
008 - FIXED-LENGTH DATA ELEMENTS--GENERAL INFORMATION
fixed length control field 100929s1969 nyu c 000 1 eng
010 ## - LIBRARY OF CONGRESS CONTROL NUMBER
LC control number 2010413848
020 ## - INTERNATIONAL STANDARD BOOK NUMBER
International Standard Book Number 9780440416630
040 ## - CATALOGING SOURCE
Original cataloging agency DLC
Transcribing agency DLC
042 ## - AUTHENTICATION CODE
Authentication code lcac
050 00 - LIBRARY OF CONGRESS CALL NUMBER
Classification number PZ 7
Item number .T2186Cay 1969
100 1# - MAIN ENTRY--PERSONAL NAME
Personal name Taylor, Theodore,
Dates associated with a name 1921-2006.
9 (RLIN) 24635
245 14 - TITLE STATEMENT
Title The cay /
Statement of responsibility, etc by Theodore Taylor.
250 ## - EDITION STATEMENT
Edition statement Bk. club ed.
260 ## - PUBLICATION, DISTRIBUTION, ETC. (IMPRINT)
Place of publication, distribution, etc new york
Name of publisher, distributor, etc Scholastic
Date of publication, distribution, etc c1969.
300 ## - PHYSICAL DESCRIPTION
Extent 127 p. ;
Dimensions 22 cm.
521 ## - TARGET AUDIENCE NOTE
Target audience note
526 ## - STUDY PROGRAM INFORMATION NOTE
Reading level 860
650 #1 - SUBJECT ADDED ENTRY--TOPICAL TERM
Topical term or geographic name as entry element Survival
Form subdivision Fiction.
9 (RLIN) 24636
650 #1 - SUBJECT ADDED ENTRY--TOPICAL TERM
Topical term or geographic name as entry element Friendship
Form subdivision Fiction.
9 (RLIN) 24637
650 #1 - SUBJECT ADDED ENTRY--TOPICAL TERM
Topical term or geographic name as entry element Prejudices
Form subdivision Fiction.
9 (RLIN) 24638
650 #1 - SUBJECT ADDED ENTRY--TOPICAL TERM
Topical term or geographic name as entry element Blacks
Form subdivision Fiction.
9 (RLIN) 24639
650 #1 - SUBJECT ADDED ENTRY--TOPICAL TERM
Topical term or geographic name as entry element Shipwrecks
Form subdivision Fiction.
9 (RLIN) 24640
906 ## - LOCAL DATA ELEMENT F, LDF (RLIN)
a 7
b cbc
c orignew
d 2
e ncip
f 20
g y-gencatlg
942 ## - ADDED ENTRY ELEMENTS (KOHA)
Source of classification or shelving scheme Library of Congress Classification
Koha item type
Holdings
Withdrawn status Lost status Source of classification or shelving scheme Damaged status Home library Current library Shelving location Date acquired Total Checkouts Full call number Barcode Date last seen Copy number Price effective from Koha item type Source of acquisition
    Library of Congress Classification   Luxembourg Library Luxembourg Library Scholastic Reading Center Section 04/10/2012   PZ 7 .T2186Cay 1969 LEX1315 04/18/2017 1 01/30/2014 Books  
    Library of Congress Classification   Luxembourg Library Luxembourg Library Scholastic Reading Center Section 10/07/2013   PZ 7 .T2186Cay 1969 LEX1316 04/18/2017 2 10/07/2013 Books Donation
    Library of Congress Classification   Luxembourg Library Luxembourg Library Scholastic Reading Center Section 10/12/2013   PZ 7 .T2186Cay 1969 SCHO0523 04/18/2017 3 01/30/2014 Books  
    Library of Congress Classification   Luxembourg Library Luxembourg Library Scholastic Reading Center Section 10/16/2013   PZ 7 .T2186Cay 1969 SCHO0289 04/18/2017 4 10/16/2013 Books Donation

The cay /

APA

Taylor T., . (1969). The cay. new york: Scholastic.

Chicago

Taylor Theodore, . 1969. The cay. new york: Scholastic.

Harvard

Taylor T., . (1969). The cay. new york: Scholastic.

MLA

Taylor Theodore, . The cay. new york: Scholastic. 1969.

  • Place hold
  • Print
  • Cite
  • Add to your cart (remove)
  • Save record
    BIBTEX Dublin Core MARCXML MARC (non-Unicode/MARC-8) MARC (Unicode/UTF-8) MARC (Unicode/UTF-8, Standard) MODS (XML) RIS
  • More searches
    Search for this title in:
    Other Libraries (WorldCat) Other Databases (Google Scholar) Online Stores (Bookfinder.com) Open Library (openlibrary.org)

Exporting to Dublin Core...

SOUTHVILLE LIBRARY

Southville International School and Colleges Library

1281 Tropical Ave. Cor. Luxembourg St., BF Homes International, Las Pinas City

Tel. No. 8256374 / 252358 Loc. 117/146

Powered by Koha